000
00286nam a22001217a 4500
040
_c
HS
082
_a
338 ALL 1983 C089
100
_a
ALLEN MAUNDER
245
_a
Growth and equity in agricultural development
260
_a
England
_b
ALLEN MAUNDER
_c
1983
300
_a
619p;
942
_c
EK
999
_c
11129
_d
11129